Najbardziej zgadywane państwa na Jetpunk - A-Z - Statystyki

Ogólne statystyki
  • Ten quiz został rozwiązany 1 930 razy
    1 370 od ostatniego zresetowania
  • Średni wynik to 18 z 24
Statystyki odpowiedzi
# % Najbardziej zgadywany kraj % Poprawnych
P 97 Polska
96%
R 96 Rosja
93%
F 94 Francja
90%
Ł 90 Łotwa
86%
C 94 Chiny
84%
D 88 Dania
84%
S 93 Stany Zjednoczone
83%
H 94 Hiszpania
81%
N 95 Niemcy
81%
B 91 Brazylia
80%
J 91 Japonia
80%
O 59 Oman
80%
L 91 Litwa
79%
A 92 Australia
77%
K 93 Kanada
76%
G 87 Grecja
75%
T 88 Turcja
74%
U 92 Ukraina
72%
W 93 Włochy
70%
I 90 Irlandia
61%
V 18 Vanuatu
61%
M 91 Meksyk
59%
E 88 Egipt
53%
Z 56 Zjednoczone Emiraty Arabskie
51%
Nie znaleziono quizów pasujących do podanych kryteriów
Rozkład punktacji
Procent ludzi z każdym wynikiem
Percentyl według liczby udzielonych odpowiedzi
Twoja historia wyników
Nie rozwiązałeś tego quizu od ostatniego zresetowania